10 villes françaises BIEN connues commençant par 'S' - Statistiques

Statistiques générales
  • Ce quiz a été pris 41 fois
  • Le résultat moyen est 3 sur 10
Statistiques - réponses
Ville % Correct
1 Strasbourg
84%
2 Saint-Étienne
73%
8 Soissons
22%
3 Saint-Malo
19%
5 Sens
16%
7 Sète
16%
6 Saint-Tropez
11%
10 Saumur
8%
4 Sablé-sur-Sarthe
3%
9 Sceaux
0%
Aucun quiz correspondant
Distribution des résultats
% des personnes avec chaque résultat
Percentile par nombre de réponses
Votre historique - résultats
Vous n’avez pas pris ce quiz